Loading...
| History - World | 0 | 6 | 0 | 1 | 60 | 30 | 65.67 | 0 | 2 | 20.96 | 25.41 |
| Literature - World | 0 | 3 | 0 | 1 | 30 | 108 | 115.33 | 0 | 0 | 1.51 | 6.82 |
| Religion | 0 | 3 | 0 | 1 | 30 | 69 | 92.00 | 0 | 0 | 5.24 | 8.33 |
| Science - Biology | 0 | 3 | 0 | 1 | 30 | 55 | 75.33 | 0 | 1 | 7.04 | 14.74 |
| Mythology | 0 | 3 | 0 | 0 | 30 | 69 | 92.67 | 0 | 1 | 3.06 | 8.33 |
| History - American | 0 | 3 | 1 | 0 | 25 | 46 | 55.33 | 1 | 1 | 12.98 | 17.42 |
| Fine Arts - Other | 0 | 2 | 0 | 0 | 20 | 73 | 82.50 | 0 | 0 | 5.02 | 5.71 |
| History - Other | 0 | 3 | 2 | 1 | 20 | 14 | 74.67 | 1 | 1 | 9.08 | 10.55 |
| Literature - British | 0 | 2 | 0 | 0 | 20 | 86 | 88.50 | 0 | 0 | 4.85 | 10.90 |
| Geography | 0 | 2 | 1 | 1 | 15 | 94 | 103.50 | 0 | 0 | 3.50 | 6.94 |
| History - European | 0 | 2 | 1 | 0 | 15 | 29 | 41.50 | 0 | 0 | 11.58 | 6.82 |
| Science - Other | 0 | 1 | 0 | 0 | 10 | 85 | 85.00 | 0 | 1 | 2.07 | 6.82 |
| Fine Arts - Painting and Sculpture | 0 | 1 | 0 | 0 | 10 | 74 | 74.00 | 1 | 1 | 3.39 | 9.09 |
| Literature - American | 0 | 1 | 0 | 0 | 10 | 51 | 51.00 | 0 | 1 | 5.09 | 7.69 |
| Literature - European | 0 | 1 | 0 | 0 | 10 | 127 | 127.00 | 0 | 0 | 0.00 | 0.70 |
| Popular Culture | 0 | 1 | 0 | 0 | 10 | 116 | 116.00 | 0 | 0 | 0.00 | 1.19 |
| Science - Chemistry | 0 | 1 | 0 | 1 | 10 | 100 | 100.00 | 0 | 0 | 0.00 | 2.10 |
| Science - Physics | 0 | 1 | 0 | 0 | 10 | 74 | 74.00 | 0 | 0 | 2.62 | 4.90 |
| Social Science | 0 | 0 | 0 | 0 | 0 | 0.00 | 0 | 0 | 0.00 | 0.00 | |
| Fine Arts - Classical Music | 0 | 0 | 0 | 0 | 0 | 0.00 | 0 | 0 | 0.00 | 0.00 |